000 00199nam a22000857a 4500
008 161122b xxu||||| |||| 00| 0 eng d
100 _91312
_aKVS
245 _aEconomics-XII
260 _aNew Delhi
_bKVS
_c2011
999 _c4025
_d4025